Super vozidlá veľká encyklopédia s 3D obrázkami

Bibliographic Details
Main Author: Szőke, Csaba (Author)
Other Authors: Kovács, Péter (Illustrator), Mart, Támas (Illustrator), Mladý, Slavo (Translator)
Format: Book
Language:Slovak
Undetermined
PhysicalDescription:64 s. fareb. ilustr. 33 cm 3D okuliare
Published: Bratislava Fragment 2013
ISBN:9788080896942
Edition:1. vyd.
Series:Čítanie pre radosť a poučenie
Subjects:

MARC

LEADER 00000cam a2200000 a 4500
001 vtls010505996
003 SK-MaSNL
005 20260301033848.0
008 240314s2013 xo a j 000 0 slo
015 |a SNBA2013/06 
020 |a 9788080896942  |q (viaz.) 
035 |a F6811719-D225-4904-B7AC-B4DC914E0508 
035 |a urn:nbn:sk:snk-amjyno 
035 |a urn:nbn:sk:snk-am0080gj 
040 |a SNK  |b slo  |c SNK  |e AACR2 
041 1 |a slo  |h und 
044 |a xo  |c SK 
072 7 |a 629  |x Dopravné prostriedky  |2 konspekt 
072 7 |a 0/9-053.2  |x Literatúra pre deti a mládež (náučná)  |2 konspekt 
080 |a 629  |2 2001 
080 |a (0.062)  |2 2001 
080 |a 629.331  |2 2001 
080 |a 629.1/.7  |2 2001 
080 |a (0.053.2)  |2 2001 
100 1 |a Szőke, Csaba  |4 aut  |9 333730 
245 1 0 |a Super vozidlá  |b veľká encyklopédia s 3D obrázkami  |c [Csaba Szőke ; ilustrácie Péter Kovács, Tamás Mart ; preložil Slavo Mladý] 
246 3 0 |a Veľká encyklopédia s 3D obrázkami 
250 |a 1. vyd. 
260 |a Bratislava  |b Fragment  |c 2013 
300 |a 64 s.  |b fareb. ilustr.  |c 33 cm  |e 3D okuliare 
490 1 |a Čítanie pre radosť a poučenie 
500 |a Obsahuje prílohu s trojrozmernými obrázkami: s. 49-64 
521 1 |a Pre čitateľov od 11 rokov 
650 0 7 |a Means of transportation  |2 SNKPHeng  |9 303201 
650 0 7 |a dopravné prostriedky  |2 SNKPH  |9 66633 
650 0 7 |a automobily  |2 SNKPH  |9 18879 
650 0 7 |a Automobiles  |2 SNKPHeng  |9 265520 
650 0 7 |a vozidlá  |2 SNKPH  |9 333731 
650 0 7 |a Vehicles  |2 SNKPHeng  |9 333732 
655 7 |a populárno-náučné publikácie  |2 SNKPH  |9 70460 
655 7 |a Popular works  |2 SNKPHeng  |9 90287 
655 7 |a Children's literature  |2 SNKPHeng  |9 276039 
655 7 |a publikácie pre deti  |2 SNKPH  |9 70148 
700 1 |a Kovács, Péter  |4 ill  |9 224003 
700 1 |a Mart, Támas  |4 ill  |9 333733 
700 1 |a Mladý, Slavo  |4 trl  |9 332311 
830 0 |a Čítanie pre radosť a poučenie  |9 323164 
852 |a Štátna vedecká knižnica v Banskej Bystrici 
919 |a 978-80-8089-694-2 
958 |a OP 
968 |b LANGUES DIVERSES 
999 |c 580813  |d 582743 
952 |a SNK  |b SNK  |y PREZ  |7 0  |p 17A1070439  |o snkSB 85071  |i snk2013/12831  |8 0  |0 0  |1 0  |4 0  |d 2013-06-06  |f 1  |l 0  |r 2025-05-07 00:00:00  |w 2026-02-23 
952 |a SNK  |b SNK  |y PREZ  |7 0  |p 17A1070438  |o snkSB 85071/príl.  |i snk2013/12831  |8 0  |3 3D okuliare  |z 3D okuliare  |0 0  |1 0  |4 0  |d 2013-06-06  |l 0  |r 2025-05-07 00:00:00  |w 2026-02-23 
952 |a SNK  |b SNK  |y PREZ  |7 0  |p 17A1070441  |o snkSB 85071 D1  |i snk2013/12832  |8 0  |0 0  |1 0  |4 0  |d 2013-06-06  |l 0  |r 2016-06-30 00:00:00  |w 2026-02-23 
952 |a SNK  |b SNK  |y PREZ  |7 0  |p 17A1070440  |o snkSB 85071/príl. D1  |i snk2013/12832  |8 0  |3 3D okuliare  |z 3D okuliare  |0 0  |1 0  |4 0  |d 2013-06-06  |l 0  |r 2016-06-30 00:00:00  |w 2026-02-23